Les 10 meilleurs buteurs de la Premier League 2007/08. - Statistiques

Statistiques générales
  • Ce quiz a été pris 113 fois
  • Le résultat moyen est 5 sur 10
Statistiques - réponses
Buts Joueurs clubs Nationalités % Correct
31 Cristiano Ronaldo Man United Portugal
99%
24 Fernando Torres Liverpool Espagne
92%
14 Carlos Tevez Man United Argentine
67%
24 Emmanuel Adebayor Arsenal Togo
67%
15 Dimitar Berbatov Tottenham Bulgarie
58%
15 Robbie Keane Tottenham Irlande
54%
19 Roque Santa Cruz Blackburn Paraguay
18%
13 John Carew Aston Villa Norvege
14%
15 Benjani PortsmouthMan City Zimbabwe
4%
15 Yakubu Aiyegbeni Everton Nigeria
1%
Aucun quiz correspondant
Distribution des résultats
% des personnes avec chaque résultat
Percentile par nombre de réponses
Votre historique - résultats
Vous n’avez pas pris ce quiz